000 00822nam a2200289 i 4500
001 bg
100 1 _aSINCLAIR, Russell
245 0 _aAccess → SQL Server :
_bprzenoszenie aplikacji /
_cRussell Sinclair.
246 _iTyt. oryg.:
_aFrom Access to SQL Server
260 _aWarszawa :
_b"Mikom",
_c2001.
300 _a353 s. ;
_c24 cm.
490 1 _aNowa Biblioteka Programisty
500 _aTyt. oryg.: "From Access to SQL Server".
504 _aIndeks.
650 9 _aAccess
650 9 _aSQL
655 _aPodręczniki
830 _aNowa Biblioteka Programisty
020 _a8372791503
040 _cBPK
041 1 _apl
_hen
080 _a004.438(07)A/Z
920 _a83-7279-150-3
942 _cKS
008 s pl f |000 0 pol
999 _c40050
_d40050
856 _uhttp://koha.tu.koszalin.pl/cgi-bin/koha/opac-detail.pl?biblionumber=40050
_yKatalog online BPK